| 000 | 00858cab a2200253 4500 | ||
|---|---|---|---|
| 001 | WB2744-18 | ||
| 008 | 090401t1991 xxu||||| |||| 00| 0 eng d | ||
| 035 | _a(Sirsi) u39945 | ||
| 041 | _aeng | ||
| 245 | _aDomesday 2000 research project | ||
| 260 | _c1991 | ||
| 350 | _a0 | ||
| 490 |
_aRICS Press Release _v(112) 14 November 1991 (2) |
||
| 520 | _aCapital & Counties has commissioned research by Wolfson College, Cambridge into the creation of a national land information system to provide data on land ownership, values and use. The RICS welcomes the project. | ||
| 650 | _aCAPITAL & COUNTIES | ||
| 650 | _aDOMESDAY 2000 | ||
| 650 | _aLAND INFORMATION SYSTEMS | ||
| 650 | _aRESEARCH | ||
| 650 | _aWOLFSON COLLEGE | ||
| 690 | _aMANAGEMENT-BUSINESS MANAGEMENT-INFORMATION MANAGEMENT | ||
| 690 | _aLAND | ||
| 942 | _n0 | ||
| 948 | _c04/03/1997 | ||
| 999 |
_c25572 _d25572 |
||